Chemical engineering kinetics (Record no. 6589)

000 -LEADER
fixed length control field 00510nam a2200193 4500
001 - CONTROL NUMBER
control field 6589
003 - CONTROL NUMBER IDENTIFIER
control field BD-DhUET
008 - FIXED-LENGTH DATA ELEMENTS--GENERAL INFORMATION
fixed length control field 700825s1970 nyua b 001 0 eng
040 ## - CATALOGING SOURCE
Transcribing agency 0
Modifying agency BD-DhUET
Original cataloging agency DLC
082 00 - DEWEY DECIMAL CLASSIFICATION NUMBER
Classification number 541.39
Item number SMI/1970
100 ## - MAIN ENTRY--PERSONAL NAME
Personal name Smith, J. M.
245 10 - TITLE STATEMENT
Title Chemical engineering kinetics
250 ## - EDITION STATEMENT
Edition statement 2nd ed.
260 ## - PUBLICATION, DISTRIBUTION, ETC. (IMPRINT)
Place of publication, distribution, etc. New York
Name of publisher, distributor, etc. McGraw-Hill
Date of publication, distribution, etc. 1970
300 ## - PHYSICAL DESCRIPTION
Extent xviii, 612p.
Other physical details ill.
490 0# - SERIES STATEMENT
Series statement McGraw-Hill chemical engineering series
650 #0 - SUBJECT ADDED ENTRY--TOPICAL TERM
Topical term or geographic name as entry element Kinetics : Physical chemistry
942 ## - ADDED ENTRY ELEMENTS (KOHA)
Koha item type General Book
Holdings
Withdrawn status Lost status Source of classification or shelving scheme Copy number Koha full call number Location (home branch) Price effective from Date acquired Piece designation (barcode) Koha item type Damaged status Shelving location Koha date last seen Not for loan Koha normalized classification for sorting Sublocation or collection (holding branch)
   1541.39/SMI/1970Central Library, BUET2014-12-042014-12-0484576General Book Circulation section2014-12-04 541_390000000000000_SMI_1970Central Library, BUET
   2541.39/SMI/1970Central Library, BUET2014-12-122014-12-1229865General Book Circulation section2014-12-12 541_390000000000000_SMI_1970Central Library, BUET
   3541.39/SMI/1970Central Library, BUET2014-12-122014-12-1229867General Book Circulation section2014-12-12 541_390000000000000_SMI_1970Central Library, BUET
   4541.39/SMI/1970Central Library, BUET2014-12-122014-12-1229863General Book Circulation section2014-12-12 541_390000000000000_SMI_1970Central Library, BUET
   5541.39/SMI/1970Central Library, BUET2015-03-112015-03-1129871General Book Circulation section2015-03-11 541_390000000000000_SMI_1970Central Library, BUET
   6541.39/SMI/1970Central Library, BUET2015-03-142015-03-1429868General Book Circulation section2015-03-14 541_390000000000000_SMI_1970Central Library, BUET
   7541.39/SMI/1970Central Library, BUET2015-03-142015-03-1437045General Book Circulation section2015-03-14 541_390000000000000_SMI_1970Central Library, BUET
   8541.39/SMI/1970Central Library, BUET2015-04-232015-04-2329869General Book Circulation section2015-04-23 541_390000000000000_SMI_1970Central Library, BUET
   9541.39/SMI/1970Central Library, BUET2015-04-232015-04-2329859General Book Circulation section2015-04-23 541_390000000000000_SMI_1970Central Library, BUET
   10541.39/SMI/1970Central Library, BUET2015-04-262015-04-2629870General Book Circulation section2015-04-26 541_390000000000000_SMI_1970Central Library, BUET
   11541.39/SMI/1970Central Library, BUET2015-04-262015-04-2629861General Book Circulation section2015-04-26 541_390000000000000_SMI_1970Central Library, BUET
   12541.39/SMI/1970Central Library, BUET2015-04-272015-04-2725967General Book Circulation section2015-04-27 541_390000000000000_SMI_1970Central Library, BUET
   13541.39/SMI/1970Central Library, BUET2015-04-272015-04-2729860General Book Circulation section2015-04-27 541_390000000000000_SMI_1970Central Library, BUET
   14541.39/SMI/1970Central Library, BUET2015-06-082015-06-0829862Reading Item Reading section2015-06-08 541_390000000000000_SMI_1970Central Library, BUET
   15541.39/SMI/1970Central Library, BUET2015-06-082015-06-0829866Reading Item Reading section2015-06-08 541_390000000000000_SMI_1970Central Library, BUET
   16541.39/SMI/1970Central Library, BUET2015-06-082015-06-0829872Reading Item Reading section2015-06-08 541_390000000000000_SMI_1970Central Library, BUET
   17541.39/SMI/1970Central Library, BUET2015-06-082015-06-0829864Reading Item Reading section2015-06-08 541_390000000000000_SMI_1970Central Library, BUET